Modelovací prostředky pro zdokonalování procesů systému jakosti
Modelovanie a výber vhodného modelovacieho prostriedku pre skúmané problémy a zdokonalovanie procesov systému kvality. Vyjadrenie všeobecných požiadaviek na modelovacie prostriedky. Využitie jazykov v modelovacom prostriedku. Postupové diagramy, CASE nástroje a Petriho siete. Charakteristika jednotl...
Uložené v:
| Hlavný autor: | |
|---|---|
| Médium: | Kapitola |
| Jazyk: | Czech |
| Predmet: | |
| Tagy: |
Žiadne tagy, Buďte prvý, kto otaguje tento záznam!
|
MARC
| LEADER | 00000naa a2200000 4500 | ||
|---|---|---|---|
| 001 | r039043 | ||
| 005 | 20231002065750.7 | ||
| 041 | 0 | |a cze | |
| 044 | |a SK | ||
| 245 | 1 | 0 | |a Modelovací prostředky pro zdokonalování procesů systému jakosti |c Roman Prášek |
| 520 | |a Modelovanie a výber vhodného modelovacieho prostriedku pre skúmané problémy a zdokonalovanie procesov systému kvality. Vyjadrenie všeobecných požiadaviek na modelovacie prostriedky. Využitie jazykov v modelovacom prostriedku. Postupové diagramy, CASE nástroje a Petriho siete. Charakteristika jednotlivých modelovacích prostriedkov. Model požičovne áut pomocou postupového diagramu, Petriho siete, diagramu toku informácií a pomocou entitne-relačného diagramu. | ||
| 610 | 2 | 0 | |a modelovanie |
| 610 | 2 | 0 | |a modely |
| 610 | 2 | 0 | |a modelovanie systémov riadiacich |
| 610 | 2 | 0 | |a diagramy |
| 610 | 2 | 0 | |a CASE |
| 610 | 2 | 0 | |a riadenie kvality |
| 610 | 2 | 0 | |a systémy kvality |
| 610 | 2 | 0 | |a systém riadenia kvality |
| 100 | 1 | |a Prášek, Roman | |